| 000 | 00615nam a2200205 a 4500 | ||
|---|---|---|---|
| 005 | 20240925065043.0 | ||
| 008 | 041108s1988 mx r 000 0 spa d | ||
| 020 | _a8437004055 | ||
| 035 | _aUPN01000136269 | ||
| 049 | _aCG | ||
| 050 | 4 |
_aD16.16 _bP5.6 |
|
| 100 | 1 |
_aPinillos Díaz, José Luis, _d1919- _930863 |
|
| 245 | 1 | 0 |
_aPsicología y psicohistoria : _bescritos seleccionados / _cJosé Luis Pinillos. |
| 260 |
_a[Valéncia, Esp.] : _bUniversitat de Valéncia, _c1988. |
||
| 300 | _a173 p. | ||
| 440 | 0 |
_aHonoris Causa ; _v6 |
|
| 650 | 4 |
_aPSICOHISTORIA _98210 |
|
| 650 | 4 |
_aPsicología _938 |
|
| 905 | _aLibro | ||
| 999 |
_c108420 _d108420 |
||